Вальс-скерцо (Запись № 10551567)

Подробности
000 -МАРКЕР
контрольное поле 01717ncm0a2200433 4500
001 - ИДЕНТИФИКАТОР ЗАПИСИ
контрольное поле RU\NLR\ONIZ\211096
005 - ИДЕНТИФИКАТОР ВЕРСИИ
контрольное поле 20250624195338.0
010 ## - МЕЖДУНАРОДНЫЙ СТАНДАРТНЫЙ НОМЕР КНИГИ (ISBN)
Номер (ISBN) 978-5-9720-0083-8
021 ## - НОМЕР ГОСУДАРСТВЕННОЙ РЕГИСТРАЦИИ
Код страны российская федерация
Номер 07-157
Номер Листа государственной регистраци 07-8
021 ## - НОМЕР ГОСУДАРСТВЕННОЙ РЕГИСТРАЦИИ
Код страны российская федерация
Номер 08-230
Номер Листа государственной регистраци 08-13
035 ## - ДРУГИЕ СИСТЕМНЫЕ НОМЕРА
Идентификатор записи RU\NLR\ONIZ\GALA\5000021275\20150408135614
035 ## - ДРУГИЕ СИСТЕМНЫЕ НОМЕРА
Идентификатор записи (NLR Aleph) 010890692
071 20 - ИЗДАТЕЛЬСКИЙ НОМЕР
Номер, присвоенный агентством 0072
100 ## - ДАННЫЕ ОБЩЕЙ ОБРАБОТКИ
Данные общей обработки 20150408d2007 |||y0rusy50 ca
101 0# - ЯЗЫК РЕСУРСА
Язык текста, звукозаписи и т.д. русский
102 ## - СТРАНА ПУБЛИКАЦИИ ИЛИ ПРОИЗВОДСТВА
Страна публикации российская федерация
125 ## - ПОЛЕ КОДИРОВАННЫХ ДАННЫХ: ЗВУКОЗАПИСИ И НОТНЫЕ ИЗДАНИЯ
Форма изложения нотного текста ax
200 1# - ЗАГЛАВИЕ И СВЕДЕНИЯ ОБ ОТВЕТСТВЕННОСТИ
Основное заглавие Вальс-скерцо
Общее обозначение материала Ноты
Параллельное заглавие Valse-scherzo
Сведения, относящиеся к заглавию для скрипки с орк.
-- соч. 34
-- (ЧС 60)
Язык параллельного заглавия итальянский
Первые сведения об ответственности П. И. Чайковский
Последующие сведения об ответственности обраб. для скрипки с фп. В. Безекирского
208 ## - ОБЛАСТЬ СПЕЦИФИЧЕСКИХ СВЕДЕНИЙ: НОТНЫЕ ИЗДАНИЯ
Форма изложения нотного текста Клавир
210 ## - ПУБЛИКАЦИЯ, РАСПРОСТРАНЕНИЕ И ДР.
Место издания, распространения и т.д. Москва
Имя издателя, распространителя и т. д. П. Юргенсон
Дата издания, распространения и т.д. 2007
215 ## - ФИЗИЧЕСКАЯ ХАРАКТЕРИСТИКА
Специфическое обозначение материала и объем 12 с., 1 парт. (8 с.)
Размеры 29 см
225 1# - СЕРИЯ
Основное заглавие серии Edition Jurgenson
Обозначение тома J 0072
686 ## - ИНДЕКСЫ ДРУГИХ КЛАССИФИКАЦИЙ
Индекс Щ955.4-42-095-056(28)
Издание LBC/SL
Код системы
700 #1 - ИМЯ ЛИЦА - ПЕРВИЧНАЯ ОТВЕТСТВЕННОСТЬ
Системный номер авторитетной/нормативной записи z01790
Начальный элемент ввода Чайковский
Часть имени, кроме начального элемента ввода П. И.
Даты 1840-1893
Расширение инициалов личного имени Петр Ильич
Код отношения Композитор
Графика поля Кириллица
702 #1 - ИМЯ ЛИЦА - ВТОРИЧНАЯ ОТВЕТСТВЕННОСТЬ
Системный номер авторитетной/нормативной записи z02790
Начальный элемент ввода Безекирский
Часть имени, кроме начального элемента ввода В.В.
Даты 1835-1919
Расширение инициалов личного имени Василий Васильевич
Код отношения Редактор
790 #1 - ИМЯ ЛИЦА - АЛЬТЕРНАТИВНАЯ ФОРМА
Системный номер авторитетной/нормативной записи z01700
Начальный элемент ввода Chajkovskij
Часть имени, кроме начального элемента ввода P. I.
Даты 1840-1893
Расширение инициалов личного имени Pyotr Il`ich
Код отношения Композитор
790 #1 - ИМЯ ЛИЦА - АЛЬТЕРНАТИВНАЯ ФОРМА
Системный номер авторитетной/нормативной записи z02702
Начальный элемент ввода Bezekirskij
Часть имени, кроме начального элемента ввода V. V.
Даты 1835-1919
Расширение инициалов личного имени Vasilij Vasil`evich
Код отношения Редактор
801 #0 - ИСТОЧНИК ЗАПИСИ
Страна российская федерация
Организация NLR
Дата составления 20150408
Правила каталогизации PSBO
801 #1 - ИСТОЧНИК ЗАПИСИ
Страна российская федерация
Организация NLR
Дата составления 20150408
Источник данных rusmarc
801 #2 - ИСТОЧНИК ЗАПИСИ
Страна российская федерация
Организация NLR
Дата составления 20190630
852 ## - МЕСТОНАХОЖДЕНИЕ И ШИФР ХРАНЕНИЯ
Идентификатор организации NLR
Наименование фонда или коллекции (Sub-Location Identifier) М
Шифр хранения (Call Number) К-3/24951
Страна
Номер экземпляра 1
852 ## - МЕСТОНАХОЖДЕНИЕ И ШИФР ХРАНЕНИЯ
Идентификатор организации NLR
Наименование фонда или коллекции (Sub-Location Identifier) М
Шифр хранения (Call Number) К-3/24301
Страна
Номер экземпляра 2
852 ## - МЕСТОНАХОЖДЕНИЕ И ШИФР ХРАНЕНИЯ
Идентификатор организации NLR
Наименование фонда или коллекции (Sub-Location Identifier) М
Шифр хранения (Call Number) К-3/24951а
Страна
Номер экземпляра 3
852 ## - МЕСТОНАХОЖДЕНИЕ И ШИФР ХРАНЕНИЯ
Идентификатор организации NLR
Наименование фонда или коллекции (Sub-Location Identifier) М
Шифр хранения (Call Number) К-3/24301а
Страна
Номер экземпляра 4
942 ## - ДОПОЛНИТЕЛЬНЫЕ ЭЛЕМЕНТЫ ЗАПИСИ (АБИС)
Тип экземпляра АБИС Ноты
980 ## - КОЛЛЕКЦИЯ
Название коллекции Национальная библиография
980 ## - КОЛЛЕКЦИЯ
Название коллекции Отдел нот и звукозаписей
Экземпляры
Тип экземпляра Дата поступления Библиотека постоянного хранения Библиотека текущего хранения Место хранения Шифр хранения Статус не для выдачи
Ноты 08.04.2015 РНБ (Московский) РНБ (Московский) Фонд нот и звукозаписей К-3/24951 К-3/24951  
Ноты 08.04.2015 РНБ (Московский) РНБ (Московский) Фонд нот и звукозаписей К-3/24301 К-3/24301  
Ноты 08.04.2015 РНБ (Московский) РНБ (Московский) Фонд нот и звукозаписей К-3/24951а К-3/24951а  
Ноты 08.04.2015 РНБ (Московский) РНБ (Московский) Фонд нот и звукозаписей К-3/24301а К-3/24301а